000 00544nam a22001937a 4500
005 20260511124017.0
008 260511b |||||||| |||| 00| 0 eng d
020 _a9788123928456
_c625.00
040 _aMAIN
041 _aEnglish
082 _a660.6
_bSMI
100 _aSmith, W.
_926777
245 _aChemical Process Industries
_b: Inorganic Chemicals And Allied Industries
260 _aNew Delhi
_bCBS
_c2019
300 _a471
_bVol.1st
650 _aEnvironment Science (PM USHA)
_926725
700 _aChapman, R.
_926778
942 _cBK
999 _c60756
_d60756